000 00724cam a22001814a 4500
005 20250605164345.0
008 250528s ||||||||||||||||||||||||d
035 _a23809
040 _aGR-AtMCL
_bgre
_dGR-AtMCL
_eAACR2
245 1 _aInvestigation of the Relationship Between Socially Prescribed Perfectionism and Psychological Distress
260 _c2013
300 _a56
520 _aContent, Abstract, Introduction, Rationale and Aim and Hypotheses, Methodology, Design, Participants, Materials, Procedure, Ethical Considerations, Data Analysis, Discussion, References, Appendices, PDF (Personal Development Plan)
700 1 _aThomopoulos Aristeidis
_99338
942 _cDS
999 _c8743
_d8743